000 00396nam a2200145Ia 4500
008 151213s9999 xx 000 0 und d
100 _aE.R . Trotman
245 _aDyeing and Chemical Technology of Textile Fiber
_cE.R . Trotman
260 _aLondon
_bCharles Griffin and Company
_c2010
300 _a8149 p.
650 _aTextile
650 _aTextile
700 _aE.R . Trotman
999 _c4098
_d4098